| 000 | 01025cad a22001935a 4500 | ||
|---|---|---|---|
| 001 | L151610 | ||
| 008 | 101122s2010 xxk f 000 0 eng d | ||
| 035 | _a(Sirsi) u151610 | ||
| 041 | 0 | _aeng | |
| 110 | 2 |
_aUnited Kingdom _bDepartment for Communities and Local Government _94939 |
|
| 245 | 0 | 0 |
_aGuidance and standards for drying flood damaged buildings _bsignposting current guidance, BD2760 _h[electronic resource] |
| 260 |
_aLondon _bDCLG _c2010 |
||
| 520 | _aReports on the processes involved in drying flooded buildings with the research carried out for the government by a consortium headed by CIRIA. This was commissioned in response to recommendations in the Pitt Review after the flooding in the summer of 2007. | ||
| 590 | _aKA NTK | ||
| 651 | 4 |
_aUnited Kingdom _y |
|
| 690 | _aENVIRONMENTAL AND LAND CONSULTANCY-WATER RESOURCE MANAGEMENT-FLOODING | ||
| 856 | 4 | 0 |
_uhttps://www.communities.gov.uk/documents/planningandbuilding/pdf/1773816.pdf _zView the guidance free of charge at www.communities.gov.uk |
| 942 | _n0 | ||
| 999 |
_c111480 _d111480 |
||